Mi Csongrád megye hét csodája? hét személyiség - negyvenkilencszer a nagyszerűségről /
Elmentve itt :
| Szerző: | |
|---|---|
| Dokumentumtípus: | Cikk |
| Megjelent: |
2007-10-06
|
| Sorozat: | Délmagyarország
97 No. 234 |
| Kulcsszavak: | Csongrád megye, Csongrád megye csoda |
| Online Access: | http://dmarchiv.bibl.u-szeged.hu/138995 |
| LEADER | 00546nab a2200157 i 4500 | ||
|---|---|---|---|
| 001 | delm138995 | ||
| 005 | 20191218135048.0 | ||
| 008 | 191218s2007 hu o 0|| hun d | ||
| 040 | |a SZTE Délmagyarország Archívum |b hun | ||
| 041 | |a hun | ||
| 100 | 1 | |a Újszászi Ilona | |
| 245 | 1 | 0 | |a Mi Csongrád megye hét csodája? |h [elektronikus dokumentum] : |b hét személyiség - negyvenkilencszer a nagyszerűségről / |c Újszászi Ilona |
| 260 | |c 2007-10-06 | ||
| 300 | |a 9 | ||
| 490 | 0 | |a Délmagyarország |v 97 No. 234 | |
| 695 | |a Csongrád megye, Csongrád megye csoda | ||